Word problems : (Record no. 331004)

000 -LEADER
fixed length control field 01473cam a2200325 a 4500
001 - CONTROL NUMBER
control field 1200193
003 - CONTROL NUMBER IDENTIFIER
control field NUST
005 - DATE AND TIME OF LATEST TRANSACTION
control field 20180117090029.0
008 - FIXED-LENGTH DATA ELEMENTS--GENERAL INFORMATION
fixed length control field 980901s1999 njua b 001 0 eng
010 ## - LIBRARY OF CONGRESS CONTROL NUMBER
LC control number 98043365
020 ## - INTERNATIONAL STANDARD BOOK NUMBER
International Standard Book Number 0805826602 (cloth : alk. paper)
020 ## - INTERNATIONAL STANDARD BOOK NUMBER
International Standard Book Number 0805826610 (pbk. : alk. paper)
040 ## - CATALOGING SOURCE
Original cataloging agency DLC
Transcribing agency DLC
Modifying agency DLC
050 00 - LIBRARY OF CONGRESS CALL NUMBER
Classification number QA63
Item number .R4 1999
082 00 - DEWEY DECIMAL CLASSIFICATION NUMBER
Classification number 510/.76
Edition number 21
100 1# - MAIN ENTRY--PERSONAL NAME
Personal name Reed, Stephen K.
9 (RLIN) 4340
245 10 - TITLE STATEMENT
Title Word problems :
Remainder of title research and curriculum reform /
Statement of responsibility, etc. Stephen K. Reed.
260 ## - PUBLICATION, DISTRIBUTION, ETC.
Place of publication, distribution, etc. Mahwah, N.J. :
Name of publisher, distributor, etc. Lawrence Erlbaum Associates,
Date of publication, distribution, etc. c1999.
300 ## - PHYSICAL DESCRIPTION
Extent xi, 219 p. :
Other physical details ill. ;
Dimensions 24 cm.
490 1# - SERIES STATEMENT
Series statement The studies in mathematical thinking and learning series
504 ## - BIBLIOGRAPHY, ETC. NOTE
Bibliography, etc. note Includes bibliographical references (p. 203-212) and indexes.
650 #0 - SUBJECT ADDED ENTRY--TOPICAL TERM
Topical term or geographic name entry element Word problems (Mathematics)
General subdivision Study and teaching.
9 (RLIN) 4341
650 #0 - SUBJECT ADDED ENTRY--TOPICAL TERM
Topical term or geographic name entry element Problem solving
General subdivision Study and teaching.
9 (RLIN) 4342
830 #0 - SERIES ADDED ENTRY--UNIFORM TITLE
Uniform title Studies in mathematical thinking and learning.
9 (RLIN) 4343
856 42 - ELECTRONIC LOCATION AND ACCESS
Materials specified Publisher description
Uniform Resource Identifier <a href="http://www.loc.gov/catdir/enhancements/fy0709/98043365-d.html">http://www.loc.gov/catdir/enhancements/fy0709/98043365-d.html</a>
906 ## - LOCAL DATA ELEMENT F, LDF (RLIN)
a 7
b cbu
c orignew
d 1
e ocip
f 19
g y-gencatlg
942 ## - ADDED ENTRY ELEMENTS (KOHA)
Source of classification or shelving scheme
Koha item type Book
Holdings
Withdrawn status Lost status Source of classification or shelving scheme Damaged status Not for loan Collection code Permanent Location Current Location Shelving location Date acquired Total Checkouts Full call number Barcode Date last seen Price effective from Koha item type
            Central Library (CL) Central Library (CL) General Stacks 08/28/2017   510/.76 REE S3H-C-104 08/28/2017 08/28/2017 Book
© 2023 Central Library, National University of Sciences and Technology. All Rights Reserved.